000 00742nam a2200265 a 4500
001 vtls001528367
003 NLI
005 20210627144828.0
008 121212s1950 enk 000 0 eng
039 9 _y201212121616
_zVLOAD
040 0 _aNLI
_beng
_cXData_1
_eAACR2
041 0 _aeng
044 _aenk
082 _a149963
245 0 0 _aHuman rights, comments and interpretations /
_cintroduction by Jacques Maritain
260 _aLondon :
_bAllen Wingate,
_c1950
300 _a288 p. ;
_c23 cm.
650 0 _aSocialism
_9686130
650 0 _aSocial change
_9686006
887 _a
901 _aIMP296658
_b29.09.1958
902 _a149 D 963
949 _AVIRTUAITEM
_D10000
_X100
_6IMP000296658ENG
942 _2ddc
_cBKS
999 _aVIRTUA40
_c977935
_d977935